Direccion (Record no. 51)

MARC details
000 -LEADER
campo de control de longitud fija 00496 a2200157 4500
020 ## - NÚMERO INTERNACIONAL ESTÁNDAR DEL LIBRO
Número Internacional Estándar del Libro 9968943118
082 ## - NÚMERO DE LA CLASIFICACIÓN DECIMAL DEWEY
Número de clasificación 861.44
Número de ítem B959d
100 ## - ENTRADA PRINCIPAL--NOMBRE DE PERSONA
Nombre de persona Burke, Hector
9 (RLIN) 283
245 ## - MENCIÓN DEL TÍTULO
Título Direccion
Resto del título Cuatro Caminos
260 ## - PUBLICACIÓN, DISTRIBUCIÓN, ETC.
Lugar de publicación, distribución, etc. Costa Rica
Nombre del editor, distribuidor, etc. Andromeda
Fecha de publicación, distribución, etc. 2003
300 ## - DESCRIPCIÓN FÍSICA
Extensión 57 p
Otras características físicas ill (a color)
Dimensiones 21 cm
505 ## - NOTA DE CONTENIDO CON FORMATO
Título Direccion Cuatro Caminos
-- Cuaderno del D. F.
-- 3 poemas (posteriores)
-- Ambas
-- Un viejo tonel
-- & s
650 ## - PUNTO DE ACCESO ADICIONAL DE MATERIA--TÉRMINO DE MATERIA
Subdivisión general Poesia costarricense
-- Hector Burke
9 (RLIN) 284
690 ## - PUNTO DE ACCESO ADICIONAL DE MATERIA LOCAL--TÉRMINO DE MATERIA (OCLC, RLIN)
Término de materia o nombre geográfico como elemento inicial Poesia
700 ## - ENTRADA AGREGADA--NOMBRE PERSONAL
Nombre de persona Hector Burke
9 (RLIN) 285
Holdings
Estatus retirado Estado de pérdida Fuente del sistema de clasificación o colocación Estado de daño No para préstamo Biblioteca de origen Biblioteca actual Ubicación en estantería Fecha de adquisición Total de préstamos Signatura topográfica completa Código de barras Visto por última vez Precio de reemplazo Tipo de ítem Koha
    Clasificación Decimal Dewey     Biblioteca LadoV Biblioteca LadoV   07/04/2014   861.44 B959d 000026 07/04/2014 07/04/2014 Material 01